000 00522nam a22001937a 4500
003 koha_MIRAKIL
005 20231213095922.0
008 231213b |||||||| |||| 00| 0 ||| d
020 _b978-0-85707-913-8
040 _aTR-IsEVY
_btur
_cTR-IsEVY
082 _a828.3354 WES/U
100 _aWesterfeld, Scott.
245 0 _aUglies
260 _bSimon and Schuster,
_c2012
300 _a425 s.
650 _aAmerican literature -- Science fiction.
650 _aAmerikan edebiyatı -- Bilim kurgu.
942 _2ddc
_cBK
999 _c11585
_d11585